<?xml version="1.0" encoding="UTF-8"?><?xml-stylesheet type="text/xsl" href="static/style.xsl"?><OAI-PMH xmlns="http://www.openarchives.org/OAI/2.0/" xmlns:xsi="http://www.w3.org/2001/XMLSchema-instance" xsi:schemaLocation="http://www.openarchives.org/OAI/2.0/ http://www.openarchives.org/OAI/2.0/OAI-PMH.xsd"><responseDate>2026-04-17T06:21:32Z</responseDate><request verb="GetRecord" identifier="oai:www.recercat.cat:2445/224365" metadataPrefix="marc">https://recercat.cat/oai/request</request><GetRecord><record><header><identifier>oai:recercat.cat:2445/224365</identifier><datestamp>2025-12-05T01:56:42Z</datestamp><setSpec>com_2072_1057</setSpec><setSpec>col_2072_478917</setSpec><setSpec>col_2072_478921</setSpec></header><metadata><record xmlns="http://www.loc.gov/MARC21/slim" xmlns:dcterms="http://purl.org/dc/terms/" xmlns:xsi="http://www.w3.org/2001/XMLSchema-instance" xmlns:doc="http://www.lyncode.com/xoai" xsi:schemaLocation="http://www.loc.gov/MARC21/slim http://www.loc.gov/standards/marcxml/schema/MARC21slim.xsd">
   <leader>00925njm 22002777a 4500</leader>
   <datafield ind2=" " ind1=" " tag="042">
      <subfield code="a">dc</subfield>
   </datafield>
   <datafield ind2=" " ind1=" " tag="720">
      <subfield code="a">Gual, Antoni</subfield>
      <subfield code="e">author</subfield>
   </datafield>
   <datafield ind2=" " ind1=" " tag="720">
      <subfield code="a">López Pelayo, Hugo</subfield>
      <subfield code="e">author</subfield>
   </datafield>
   <datafield ind2=" " ind1=" " tag="720">
      <subfield code="a">Balcells Oliveró, Maria Mercè</subfield>
      <subfield code="e">author</subfield>
   </datafield>
   <datafield ind2=" " ind1=" " tag="720">
      <subfield code="a">Oliveras, Clara</subfield>
      <subfield code="e">author</subfield>
   </datafield>
   <datafield ind2=" " ind1=" " tag="720">
      <subfield code="a">Bruguera Soler, Pol</subfield>
      <subfield code="e">author</subfield>
   </datafield>
   <datafield ind2=" " ind1=" " tag="720">
      <subfield code="a">Cordero Torres, Imanol</subfield>
      <subfield code="e">author</subfield>
   </datafield>
   <datafield ind2=" " ind1=" " tag="720">
      <subfield code="a">Millán Hernández, Andrea</subfield>
      <subfield code="e">author</subfield>
   </datafield>
   <datafield ind2=" " ind1=" " tag="720">
      <subfield code="a">Pons-Cabrera, Maria Teresa</subfield>
      <subfield code="e">author</subfield>
   </datafield>
   <datafield ind2=" " ind1=" " tag="720">
      <subfield code="a">Guzmán Cortez, Pablo Rodrigo</subfield>
      <subfield code="e">author</subfield>
   </datafield>
   <datafield ind2=" " ind1=" " tag="720">
      <subfield code="a">Gómez-Ramiro, Marta</subfield>
      <subfield code="e">author</subfield>
   </datafield>
   <datafield ind2=" " ind1=" " tag="720">
      <subfield code="a">Vázquez, Mireia</subfield>
      <subfield code="e">author</subfield>
   </datafield>
   <datafield ind2=" " ind1=" " tag="720">
      <subfield code="a">Borràs, Roger</subfield>
      <subfield code="e">author</subfield>
   </datafield>
   <datafield ind2=" " ind1=" " tag="720">
      <subfield code="a">Asenjo Romero, Maria</subfield>
      <subfield code="e">author</subfield>
   </datafield>
   <datafield ind2=" " ind1=" " tag="720">
      <subfield code="a">Vieta i Pascual, Eduard, 1963-</subfield>
      <subfield code="e">author</subfield>
   </datafield>
   <datafield ind2=" " ind1=" " tag="260">
      <subfield code="c">2025-11-13T19:04:24Z</subfield>
   </datafield>
   <datafield ind2=" " ind1=" " tag="260">
      <subfield code="c">2025-11-13T19:04:24Z</subfield>
   </datafield>
   <datafield ind2=" " ind1=" " tag="260">
      <subfield code="c">2024-12-03</subfield>
   </datafield>
   <datafield ind2=" " ind1=" " tag="260">
      <subfield code="c">2025-11-13T19:04:24Z</subfield>
   </datafield>
   <datafield ind2=" " ind1=" " tag="520">
      <subfield code="a">Introduction: Alcohol-related problems increase the probability of frequent emergency department (ED) use. In this study, we compared the direct healthcare expenses incurred during a single visit among frequent and non-frequent ED users and analyzed the impact of alcohol-related issues in healthcare costs arising from ED usage.&#xd;
&#xd;
Methods: The study relied on secondary analyses of economic data from a 1:1 matched case-control study with the primary aim of identifying the clinical characteristics of hospital ED frequent users in a Mediterranean European environment with a public, universal, and tax-funded health system. The participants ranged in age from 18 to 65 years and underwent ED visits at a high-complexity Spanish hospital (cases ≥5 times, controls &lt;5) from December 2018 to November 2019. Each case was matched to a control with the same age, gender, and date of attendance at the ED. Clinical data and direct healthcare costs for a single ED visit were obtained by a retrospective review of the first electronic medical register. Costs and duration of stay were compared between cases and controls using paired-samples t-tests, and ED users with and without alcohol-related problems were compared using bivariate (independent-samples t-tests, one-way analysis of variance, Chi square tests, and multiple linear regression) and multivariate analyses (multiple linear regression models with backward stepwise selection algorithm, and dependent variable: total mean direct costs).&#xd;
&#xd;
Results: Among 609 case-control pairs (total n = 1218), mean total healthcare direct costs per ED visit were 22.2% higher among frequent compared with non-frequent users [mean difference 44.44 euros; 95% confidence interval (CI) 13.4-75.5; t(608) = 2.811; p = 0.005]. Multiple linear regression identified length of stay, triage level, ambulance arrival, and the specialty discharging the patient as associated with total healthcare costs for frequent users. In bivariate analyses, a history of alcohol-related problems was associated with a 32.5% higher mean total healthcare costs among frequent users [mean difference 72.61 euros; 95% confidence interval 25.24-119.97; t(320.016) = 3.015; p = 0.003].&#xd;
&#xd;
Conclusion: The findings confirm the high cost of frequent ED use among people with alcohol-related problems, suggesting that costs could be reduced through implementation of intervention protocols.</subfield>
   </datafield>
   <datafield tag="653" ind2=" " ind1=" ">
      <subfield code="a">Alcohol</subfield>
   </datafield>
   <datafield tag="653" ind2=" " ind1=" ">
      <subfield code="a">Serveis d'urgències mèdiques</subfield>
   </datafield>
   <datafield tag="653" ind2=" " ind1=" ">
      <subfield code="a">Psiquiatria</subfield>
   </datafield>
   <datafield tag="653" ind2=" " ind1=" ">
      <subfield code="a">Alcohol</subfield>
   </datafield>
   <datafield tag="653" ind2=" " ind1=" ">
      <subfield code="a">Emergency medical services</subfield>
   </datafield>
   <datafield tag="653" ind2=" " ind1=" ">
      <subfield code="a">Psychiatry</subfield>
   </datafield>
   <datafield ind2="0" ind1="0" tag="245">
      <subfield code="a">Effects of alcohol-related problems on the costs of frequent emergency department use: an economic analysis of a case–control study in Spain</subfield>
   </datafield>
</record></metadata></record></GetRecord></OAI-PMH>